| 000 | 00832nam a22002297a 4500 | ||
|---|---|---|---|
| 001 | 6815 | ||
| 003 | FISKH | ||
| 005 | 20250529112438.0 | ||
| 008 | 250529b cb ||||| |||| 00| 0 eng d | ||
| 040 |
_aFISKH _beng _cFISKH _dFISKH |
||
| 050 | _aBS195 .T63 | ||
| 082 | _a220.5 | ||
| 100 | _aToday's English Version | ||
| 245 |
_aGood news Bible / _cBy Today's English Version |
||
| 260 |
_aNew York : _bAmerican Bible Society , _c1992. |
||
| 300 |
_a1563 pages : _billustrations ; _c21 cm . |
||
| 520 | _aA useful gift for people of various ages, this Bible translation is presented with a leather binding and zip for added style and practicality. It is useful for personal reading and study at various levels. | ||
| 650 |
_aBible _vNon-fiction |
||
| 650 |
_aChristianity _vNon-fiction |
||
| 942 |
_2ddc _cBK _n0 |
||
| 999 |
_c6815 _d6815 |
||